Dutch Caribbean islands - Statistics

General Stats
  • This quiz has been taken 1,025 times
  • The average score is 4 of 6
Answer Stats
Hint Answer % Correct
1 Aruba
96%
3 Curaçao
91%
2 Bonaire
83%
6 Sint Maarten
63%
4 Saba
57%
5 Sint Eustatius
42%
No matching quizzes found
Score Distribution
Percent of People with Each Score
Percentile by Number Answered
Your Score History
You have not taken this quiz